000
00310nam a2200121Ia 4500
008
220204s9999 xx 000 0 und d
082
_a
547
_b
FRE
100
_a
Freudenberg, Karl
245
0
_a
Organic chemistry
260
_a
Ann Arbor
_b
University of Michigan
_c
1960
700
_a
Plieninger, Hans
942
_c
BK
999
_c
20634
_d
20634